Les films et leurs réalisateurs - Statistiques

Statistiques générales
  • Ce quiz a été pris 114 fois
  • Le résultat moyen est 9 sur 15
Statistiques - réponses
Question Réponse % Correct
Quel film a été réalisé par David Fincher ? The social Network
93%
Quel film a été réalisé par Christopher Nolan ? Dunkerque
87%
Quel film a été réalisé par Quentin Tarantino ? Boulevard de la Mort
73%
Quel film a été réalisé par Stanley Kubrick ? Docteur Follamour
73%
Quel film a été réalisé par Clint Eastwood La Mule
67%
Quel film a été réalisé par Bertrand Blier ? Merci la Vie
60%
Quel film a été réalisé par Brian De Palma Mission Impossible
60%
Quel film a été réalisé par Steven Spielberg ? Sugarland Express
60%
Quel film a été réalisé par François Truffaut ? La Sirène du Mississipi
53%
Quel film a été réalisé par Martin Scorsese ? La valse des pantins
53%
Quel film a été réalisé par Oliver Stone ? Salvador
53%
Quel film a été réalisé par Jean-Pierre Jeunet ? Micmac à Tire-Larigot
47%
Quel film a été réalisé par Luc Besson ? Malavita
40%
Quel film a été réalisé par Mel Gibson ? L'Homme sans visage
27%
Quel film a été réalisé par Coline Serreau ? Chaos
20%
Aucun quiz correspondant
Distribution des résultats
% des personnes avec chaque résultat
Percentile par nombre de réponses
Votre historique - résultats
Vous n’avez pas pris ce quiz